| 000 | 00707nam a22002291c 4500 | ||
|---|---|---|---|
| 001 | a987678619 | ||
| 008 | 161220s2013 gw |||| 000u rus d | ||
| 020 |
_a9785913570376 _9978-5-91357-037-6 |
||
| 041 | _arus | ||
| 245 | 0 | 0 |
_aPovsednevnaja žizn' provincial'nogo imenija : _bdnevnik slugi ural'skich pomeščikov Golubcovych, 1872-1875 gg. |
| 264 |
_aEkaterinburg : _bKvadrat, _c2013 |
||
| 300 | _a400 Seiten | ||
| 600 | 0 | _aGolubcov <Familie> | |
| 648 | 0 | _a1872-1875 | |
| 650 | 0 | _aGutsherr | |
| 651 | 0 | _aSibirien | |
| 700 | 1 |
_aLarionova, M. B. _eBearbeiterIn |
|
| 710 | 2 | _aRAN / Ural'skoe otdelenie / Institut istorii i archeologii | |
| 942 | _cMG | ||
| 040 | _cRU-10907106 | ||
| 003 | RU-10907106 | ||
| 999 |
_c40678 _d40678 |
||